|
|
|
|
| LEADER |
01150nam a2200313 a 4500 |
| 001 |
AAL3913 |
| 003 |
BD-DhAAL |
| 005 |
20160210172205.0 |
| 008 |
150212s1990 dcua b 001 0 eng |
| 010 |
|
|
|a 90039237
|
| 020 |
|
|
|a 0871875594
|
| 040 |
|
|
|a DLC
|c DLC
|d DLC
|d BD-DhAAL
|
| 050 |
0 |
0 |
|a JK1029
|b .S64 1990
|
| 082 |
0 |
0 |
|a 328.73/0765
|2 20
|
| 999 |
|
|
|c 33671
|d 33671
|
| 999 |
|
|
|c 33671
|
| 100 |
1 |
|
|a Smith, Steven S.,
|d 1953-
|9 8305
|
| 245 |
1 |
0 |
|a Committees in Congress /
|c Steven S. Smith and Christopher J. Deering.
|
| 250 |
|
|
|a 2nd ed.
|
| 260 |
|
|
|a Washington, D.C. :
|b CQ Press,
|c c1990.
|
| 300 |
|
|
|a xii, 259 p. :
|b ill. ;
|c 23 cm.
|
| 504 |
|
|
|a Includes bibliographical references and index.
|
| 541 |
|
|
|e 3913
|
| 610 |
1 |
0 |
|a United States.
|b Congress
|x Committees.
|9 8306
|
| 610 |
1 |
0 |
|a United States.
|b Congress
|x Reform.
|9 8307
|
| 651 |
|
0 |
|a United States
|x Politics and government
|y 1945-1989.
|9 7472
|
| 700 |
1 |
|
|a Deering, Christopher J.,
|d 1951-
|9 8308
|
| 942 |
|
|
|2 ddc
|c BK
|
| 952 |
|
|
|0 0
|1 0
|2 ddc
|4 0
|6 328_730765000000000_SMI
|7 0
|9 52592
|a SCL
|b SCL
|c GEN
|d 2015-02-12
|e Gift: The Asia Foundation
|l 0
|o 328.730765 SMI
|p 3020003913
|r 2015-02-12
|t 1
|w 2015-02-12
|y BK
|